Statistiques concernant Pokémon gen 1-4 pokédex

Cliquez ici pour prendre le quiz!

Statistiques générales

  • Ce quiz a été pris 35 fois
  • Le résultat moyen est 391 sur 493

Statistiques - réponses

NombreType de quizRéponse% Correct
13insecte/poisonaspicot
100%
1
plante/poisonbulbizarre
100%
8eaucarabaffe
100%
7eaucarapuce
100%
10insectechenipan
100%
11insectechrysacier
100%
14insecte/poisoncoconfort
100%
6feu/voldracaufeu
100%
3plante/poisonflorizarre
100%
2plante/poisonherbizarre
100%
66combatmachoc
100%
67combatmachopeur
100%
43plante/poisonMystherbe
100%
34poison/solnidoking
100%
31poison/solnidoqueen
100%
29 | 32poisonnidoran
100%
30poisonnidorina
100%
33poisonnidorino
100%
44plante/poisonortide
100%
12insecte/volpapilusion
100%
21normal/volpiafabec
100%
172electricpichu
100%
25electricpikachu
100%
45plante/poisonrafflesia
100%
26electricraichu
100%
22normal/volrapasdepic
100%
19normalrattata
100%
20normalrattatac
100%
5feureptincel
100%
18normal/volroucarnage
100%
16normal/volroucool
100%
17normal/volroucoups
100%
4feusalamèche
100%
9eautortank
100%
63psyabra
91%
227acier/volairmure
91%
65psyalakazam
91%
160eaualligatueur
91%
139roche/eauamonistar
91%
138roche/eauamonita
91%
134eauaquali
91%
59feuarcanin
91%
493normalarceus
91%
252plantearcko
91%
144glace/volartikodin
91%
349eaubarpau
91%
411roche/acierbastiodon
91%
279eau/volbekipan
91%
268insecteblindalys
91%
388planteboskara
91%
70plante/poisonboustiflor
91%
257feu/combatBraségali
91%
58feucaninos
91%
445dragon/solCarchacrok
91%
444dragon/solcarmache
91%
324feuchartor
91%
69plante/poisonchétiflor
91%
391feu/combatChimpenfeu
91%
212insecte/aciercizayox
91%
221glace/solcochignon
91%
430ténèbre/volcorboss
91%
198ténèbre/volCornèbre
91%
482psycréfadet
91%
480psycréhelf
91%
491ténèbredarkrai
91%
229ténèbre/feuDémolosse
91%
386psydeoxys
91%
483acier/dragondialga
91%
371dragondraby
91%
148dragondraco
91%
149dragon/voldracolosse
91%
373dragon/voldrattak
91%
309electricDynavolt
91%
94spectre/poisonectoplasma
91%
310electricÉlecsprint
91%
145electric/volélecthor
91%
466electricÉlekable
91%
239electricélekid
91%
125electricélektek
91%
71plante/poisonempiflor
91%
244feuentei
91%
398normal/volétouraptor
91%
396normal/volétourmi
91%
397normal/volétourvol
91%
133normalévoli
91%
92spectre/poisonfantominus
91%
162normalfouinar
91%
161normalfouinette
91%
152plantegermignon
91%
471glacegivrali
91%
258eaugobou
91%
278eau/volgoélise
91%
446normalgoinfrex
91%
262ténèbreGrahyèna
91%
40normal/féegrodoudou
91%
89poisongrotadmorv
91%
383solgroudon
91%
485feu/acierheatran
91%
155feu héricendre
91%
123insecte/volInsécateur
91%
385acier/psyjirachi
91%
254
plantejungko
91%
140roche/eaukabuto
91%
141roche/eaukabutops
91%
64psykadabra
91%
158eaukaiminus
91%
382eaukyogre
91%
260eau/sollaggron
91%
380dragon/psylatias
91%
381dragon/psylatios
91%
113normalLeveinard
91%
345roche/plantelilia
91%
124glace/psylippoutou
91%
272eau/planteludicolo
91%
68combatmackogneur
91%
467feumaganon
91%
240feumagby
91%
126feumagmar
91%
81electric/aciermagnéti
91%
82electric/aciermagnéton
91%
462electric/acierMagnézone
91%
473glace/solmammochon
91%
490eaumanaphy
91%
220glace/solMarcacrin
91%
253plantemassko
91%
261ténèbreMedhyèna
91%
154planteméganium
91%
196psymentali
91%
376acier/psyMétalosse
91%
375acier/psymétang
91%
151psymew
91%
150psymewtwo
91%
350eauMilobellus
91%
439psy/féemime.jr
91%
147dragonminidraco
91%
122psy/féem.mime
91%
270eau/plantenénupiot
91%
197ténèbrenoctali
91%
477spectrenoctunoir
91%
42poison/volnosferalto
91%
41poison/volnosferapti
91%
390feuouisticram
91%
484eau/dragonpalkia
91%
489eauphione
91%
470plantePhyllali
91%
274plante/ténèbrepifeuil
91%
395eau/acierpingoléon
91%
255feupoussifeu
91%
142roche/volptéra
91%
440normalptiravi
91%
60eauptitard
91%
136feupyroli
91%
243electricraikou
91%
384dragon/volRayquaza
91%
39normal/féerondoudou
91%
143normalronflex
91%
27solsabelette
91%
28solsablaireau
91%
492planteshaymin
91%
392feu/combatsimiabraz
91%
109poisonsmogo
91%
110poisonsmogogo
91%
93spectre/poisonspectrum
91%
245eausuicune
91%
146feu/volsulfura
91%
88poisontadmorv
91%
62eau/combattartard
91%
50soltaupiqueur
91%
356spectreTéraclope
91%
374acier/psyterhal
91%
61eautêtarte
91%
393eautiplouf
91%
468fée/volTogekiss
91%
175féetogepi
91%
176fée/voltogetic
91%
389plante/solTorterra
91%
387plantetortipouss
91%
174normal/féeToudoudou
91%
51soltriopikeur
91%
357plante/voltropius
91%
157feutyphlosion
91%
135electricvoltali
91%
23poisonabo
82%
49insecte/poisonaéromite
82%
55eauakwakwak
82%
347roche/insecteanorith
82%
24poisonarbok
82%
348roche/insecteArmaldo
82%
266insectearmulys
82%
194eau/solaxoloto
82%
184eau/féeAzumarill
82%
298normal/féeazurill
82%
458eau/volBabimanta
82%
343sol/psybalbuto
82%
285plantebalignon
82%
354spectrebranette
82%
225glace/volcadoizo
82%
323feu/solcamérupt
82%
318eau/ténèbreCarvanha
82%
400normal/eaucastorno
82%
251psy/plantecelebi
82%
322feu/solchamallot
82%
286plante/combatChapignon
82%
265insectechenipotte
82%
366eaucoquiperl
82%
481psycréfollet
82%
488psycresselia
82%
159eaucrocodil
82%
15insecte/poisondardagnan
82%
236combatdebugant
82%
410roche/acierdinoclier
82%
372dragonDrackhaus
82%
259eau/solflobio
82%
256feu/combatgalifeu
82%
475psy/combatgallame
82%
78feugalopa
82%
282psy/féegardevoir
82%
487spectre/dragonGiratina
82%
273plantegrainipiot
82%
75roche/solgravalanch
82%
76roche/solgrolem
82%
297combatHariyama
82%
277normal/volhélédelle
82%
250feu/volho-oh
82%
163normal/volhoothoot
82%
182plantejoliflor
82%
344sol/psykaorine
82%
237combatkapoera
82%
399normalkeunotor
82%
281psy/féekirlia
82%
408rochekranidos
82%
171eau/electriclanturn
82%
130eau/volléviator
82%
330sol/dragonlibégon
82%
218feulimagma
82%
403electriclixy
82%
271eau/plantelombre
82%
170eau/electricloupio
82%
448combat/acierlucario
82%
249psy/vollugia
82%
404electricluxio
82%
405electricluxray
82%
153plantemacronium
82%
129eauMagicarpe
82%
429spectreMagirêve
82%
296combatmakuhita
82%
228ténèbre/feumalosse
82%
195eau/solmaraiste
82%
183eau/féemarill
82%
307combat/psyMéditikka
82%
173féemélo
82%
168insecte/poisonmigalos
82%
167insecte/poisonmimigal
82%
48insecte/poisonmimitoss
82%
292insecte/spectremunja
82%
418eauMustébouée
82%
419eauMustéflott
82%
303acier/féeMysdibule
82%
290insecte/solningale
82%
291insecte/volninjask
82%
276normal/volnirondelle
82%
164normal/volnoarfang
82%
169poison/volNostenfer
82%
362glaceoniglali
82%
95roche/solonix
82%
269insecte/poisonpapinox
82%
441normal/volpijako
82%
353spectrepolichombr
82%
77feuponyta
82%
394eauprinplouf
82%
54eaupsykokwak
82%
211eau/poisonQwilfish
82%
74roche/solracaillou
82%
378glaceregice
82%
486normalRegigigas
82%
377rocheregirock
82%
379acierRegisteel
82%
464sol/rocheRhinastoc
82%
111sol/rocheRhinocorne
82%
112sol/rocherhinoféros
82%
447combatriolu
82%
368eaurosabyss
82%
214insecte/combatScarhino
82%
367eauserpang
82%
319eau/ténèbreSharpedo
82%
355spectreskélénox
82%
442spectre/ténèbreSpiritomb
82%
361glaceStalgamin
82%
208acier/solsteelix
82%
299rochetarinor
82%
476roche/acierTarinorme
82%
280psy/féetarsal
82%
275plante/ténèbretengalice
82%
72eau/poisontentacool
82%
73eau/poisontentacruel
82%
107combattygnon
82%
248roche/ténèbreTyranocif
82%
346roche/plantevacilys
82%
469insecte/volyanmega
82%
359ténèbreabsol
73%
283insecte/eauarakdo
73%
437acier/psyArchéodong
73%
436acier/psyArchéomire
73%
340eau/solbarbicha
73%
339eau/solbarloche
73%
425spectre/volBaudrive
73%
460plante/glaceblizzaroi
73%
459plante/glaceblizzi
73%
213insecte/rochecaratroc
73%
234normalCerfrousse
73%
409rochecharkos
73%
267insecte/volcharmillon
73%
308combat/psyCharmina
73%
413insecte/plantecheniselle
73%
412insectecheniti
73%
454poison/combatcoatox
73%
57combatcolossinge
73%
222eau/rochecorayon
73%
453poison/combatCradopaud
73%
401insecteCrikzik
73%
226eau/voldémanta
73%
461ténèbre/glacedimoret
73%
452poison/ténèbredrascore
73%
101electricélectrode
73%
246roche/solembrylex
73%
358psyéoko
73%
215ténèbre/glacefarfuret
73%
56combatférosinge
73%
200spectreFeuforêve
73%
38feufeunard
73%
156feufeurisson
73%
37feugoupix
73%
443dragon/solgriknot
73%
426spectre/volgrodrive
73%
450solHippodocus
73%
449solHippopotas
73%
352normalkecleon
73%
106combatkicklee
73%
328solkraknoix
73%
180electriclainergie
73%
264normallinéon
73%
131eau/glaceLokhlass
73%
314insectelumivole
73%
335normalmangriff
73%
438rochemanzaï
73%
284insecte/eauMaskadra
73%
36féemélodelfe
73%
35féemélofée
73%
402insecteMélokrik
73%
52normalmiaouss
73%
478glace/spectremomartik
73%
289normalMonaflèmit
73%
479electric/spectreMotisma
73%
434poison/ténèbreMoufouette
73%
177psy/volnatu
73%
312electricnégapi
73%
86eauotaria
73%
417electricPachirisu
73%
46insecte/planteparas
73%
47insecte/planteparasect
73%
287normalparecool
73%
53normalpersian
73%
181electricpharamp
73%
311electricposipi
73%
235normalQueulorior
73%
451poison/insecterapion
73%
369eau/rocherelicanth
73%
315plante/poisonrosélia
73%
407plante/poisonroserade
73%
406plante/poisonRozbouton
73%
127insecteScarabrute
73%
207sol/volscorplane
73%
472sol/volscorvol
73%
337roche/psyséléroc
73%
336poisonséviper
73%
185rocheSimularbre
73%
338roche/psysolaroc
73%
120eaustari
73%
121eau/psystaross
73%
186eautarpaud
73%
128normaltauros
73%
302ténèbre/spectreTénéfix
73%
329sol/dragonVibraninf
73%
288normalvigoroth
73%
219feu/rocheVolcaropod
73%
100electricvoltorbe
73%
455plantevortente
73%
178psy/volxatu
73%
193insecte/volyanma
73%
247roche/solymphect
73%
263normalzigzaton
73%
334dragon/volaltaria
64%
416insecte/volapireine
64%
415insecte/volapitrini
64%
424normalCapidextre
64%
190normalcapumain
64%
432normalchaffreux
64%
431normalchaglam
64%
189plante/volcotovol
64%
165insecte/volcoxy
64%
166insecte/volCoxyclaque
64%
91eau/glacecrustabri
64%
301normaldelcatty
64%
456eauécayon
64%
241normalÉcrémeuh
64%
80eau/psyflagadoss
64%
188plante/volfloravol
64%
305acier/rocheGalegon
64%
304acier/rocheGalekid
64%
306acier/rocheGaleking
64%
203normal/psygirafarig
64%
187plante/volgranivol
64%
192plantehéliatronc
64%
97psyHypnomade
64%
117eauhypocéan
64%
230eau/dragonhyporoi
64%
365glace/eaukaimorse
64%
115normalkangourex
64%
90eaukokiyas
64%
433psykorillon
64%
87eau/glacelamentine
64%
242normalLeuphorie
64%
238glace/psylippouti
64%
457eauLuminéon
64%
132normalMétamorph
64%
351normalmorphéo
64%
435poison/ténèbremoufflair
64%
313insectemuciole
64%
103plante/psynoadkoko
64%
102plante/psynoeunoeuf
64%
363glace/eauobalie
64%
224eauOctillery
64%
414insecte/volpapilord
64%
364glace/eauphogleur
64%
119eaupoissoroy
64%
204insectepomdepik
64%
137normalporygon
64%
79eau/psyramoloss
64%
223eauRémoraid
64%
199eau/psyroigada
64%
300normalskitty
64%
96psysoporifik
64%
333normal/voltylton
64%
320eauwailmer
64%
321eauwailord
64%
179electricWattouat
64%
201psyzarbi
64%
317poisonAvaltout
55%
465planteBouldeneu
55%
331plantecacnea
55%
332plante/ténèbrecacturne
55%
83normal/volcanarticho
55%
420planteceribou
55%
342eau/ténèbreColhomard
55%
85normal/voldodrio
55%
84normal/voldoduo
55%
232soldonphan
55%
341eauÉcrapince
55%
205insecte/acierforetress
55%
316poisongloupti
55%
210féegranbull
55%
116eauhypotrempe
55%
206normalinsolourdo
55%
99eaukrabboss
55%
98eaukrabby
55%
370eaulovdisc
55%
360psyokéoké
55%
105solossatueur
55%
104solosselait
55%
231solphanpy
55%
118eauPoissirène
55%
233normalPorygon2
55%
474normalPorygon-Z
55%
202psyQulbutoké
55%
114planteSaquedeneu
55%
209féesnubull
55%
216normalTeddiursa
55%
191plantetournegrin
55%
423eau/soltritosor
55%
217normalursaring
55%
295normalBrouhabam
45%
421planteceriflor
45%
293normalchuchmur
45%
326psygroret
45%
427normallaporeille
45%
428normallockpin
45%
294normalramboum
45%
422eausancoki
45%
327normalspinda
45%
325psyspoink
45%
108normalExcelangue
36%
463normalCoudlangue
27%

Distribution des résultats

Percentile par nombre de réponses

% des personnes avec chaque résultat

Votre développement - résultats

Vous n’avez pas pris ce quiz